Operation Bernhard

שמור ב:
מידע ביבליוגרפי
מחבר ראשי: Pirie, Anthony
פורמט: ספר
שפה:Undetermined
יצא לאור: New York Morrow 1961
נושאים:
תגים: הוספת תג
אין תגיות, היה/י הראשונ/ה לתייג את הרשומה!
Thư viện lưu trữ: Trung tâm Học liệu Trường Đại học Cần Thơ
LEADER 00557nam a2200217Ia 4500
001 CTU_88276
008 210402s9999 xx 000 0 und d
082 |a 364.133 
082 |b P695 
100 |a Pirie, Anthony 
245 0 |a Operation Bernhard 
245 0 |c Anthony Pirie 
260 |a New York 
260 |b Morrow 
260 |c 1961 
650 |a Counterfeits and counterfeiting,World War 
650 |x Finance 
650 |y 1939-1945 
650 |z Germany 
904 |i Bằng,Hải 
980 |a Trung tâm Học liệu Trường Đại học Cần Thơ